Normal view
MARC view
- Arif Ehsan
Entry Personal Name
001 - CONTROL NUMBER
- control field: 51002
003 - CONTROL NUMBER IDENTIFIER
- control field: NUST
005 - DATE AND TIME OF LATEST TRANSACTION
- control field: 20210314134849.0
008 - FIXED-LENGTH DATA ELEMENTS
- fixed length control field: 210314|| aca||aabn | a|a d
040 ## - CATALOGING SOURCE
- Original cataloging agency: NUST
- Transcribing agency: NUST
100 ## - HEADING--PERSONAL NAME
- Personal name: Arif Ehsan
670 ## - SOURCE DATA FOUND
- Source citation: Work cat.: (NUST): Arif Ehsan, Risk management frame work for load reconstruction projects in disaster affected mountains areas, 2016.
